000 00408cam a2200157ua 4500
041 _amal
_h
082 _a894.812 301
_bBAL/CV
100 _aBalakrishnan, C. V. .
245 _aC. V. Balakrishnante kathakal /
_cBy C. V. Balakrishnan.
_hTextual Documents
250 _a1 /
_b.
260 _aThrissur :
_bCurrent Books ,
_c2006.
300 _a462 ; .
504 _a
942 _cBK
999 _c13568
_d13568